| 000 | 02595cam a2200325 i 4500 | ||
|---|---|---|---|
| 001 | 21075211 | ||
| 003 | OSt | ||
| 005 | 20240221110537.0 | ||
| 008 | 190712s2020 nyua b 001 0 eng | ||
| 010 | _a 2019029805 | ||
| 020 | _a9780415787031 | ||
| 020 | _a9780415787048 | ||
| 020 | _z9781315226439 | ||
| 040 |
_aDLC _beng _erda _cDLC _dDLC |
||
| 042 | _apcc | ||
| 050 | 0 | 0 |
_aNA1996 _b.H85 2020 |
| 082 | 0 | 0 |
_a720.22 _223 _bHUI |
| 100 | 1 |
_aHui, Vincent, _eauthor. _9121018 |
|
| 245 | 1 | 4 |
_aThe architecture portfolio guidebook : _bthe essentials you need to succeed / _cVincent Hui. |
| 260 |
_aNew York: _bRoutledge; _c2020. |
||
| 300 |
_axvii, 230 pages : _bchiefly illustrations (some color) ; _c26 cm |
||
| 504 | _aIncludes bibliographical references and index. | ||
| 520 | _a"The Architecture Portfolio Guidebook shows you how to make portfolios for both academic and professional needs to provide reviewers exactly what they're looking for. In school, architecture curricula nurtures the knowledge and skills to develop design work to varying levels of presentation. In the profession, those skills are further developed and applied in the creation of the built environment. In both contexts, a portfolio is a core component for admission and advancement. This book provides key strategies to: ·develop an understanding of the unique needs of professional and academic organizations ·identify applicants' key differentiators ·highlight how applicants present themselves in their portfolios to address institutional needs ·create successful reinforcing documentation ·communicate using portfolios Rather than proposing generic solutions, this book details the successful practices for portfolio creation by addressing portfolio creation academically and professionally. Supporting insights and examples from leading academics and architects from around the world reinforce the themes presented in this guidebook. An ideal read for students and professionals of architecture, landscape architecture, interior design and urban design, looking to advance their studies and careers"-- | ||
| 650 | 0 |
_aArchitecture portfolios _xDesign. _932878 |
|
| 776 | 0 | 8 |
_iOnline version: _aHui, Vincent, _tThe architecture portfolio guidebook _dNew York : Routledge, 2020. _z9781315226439 _w(DLC) 2019029806 |
| 906 |
_a7 _bcbc _corignew _d1 _eecip _f20 _gy-gencatlg |
||
| 942 |
_2ddc _cBK _aSADA _k720.22 HUI 2020 |
||
| 999 |
_c607979 _d607979 |
||